000
00308nam a2200145Ia 4500
008
220923s9999 xx 000 0 und d
082
_b
PAN
100
_a
PANDEY, D.N.R.
245
4
_a
THE LIMITATION ACT
250
_a
16TH
260
_c
2013
300
_a
155
650
_a
Limitation Act
942
_c
BK
999
_c
195583
_d
195583